Desequilibres economiques et contre-revolution keynesienne : Keynes, seconde lecture

Αποθηκεύτηκε σε:
Λεπτομέρειες βιβλιογραφικής εγγραφής
Κύριος συγγραφέας: Barrere, Alain
Μορφή: Βιβλίο
Γλώσσα:French
Δημοσίευση: Paris : Economica, 1983
Έκδοση:2e ed.
Θέματα:
Ετικέτες: Προσθήκη ετικέτας
Δεν υπάρχουν, Καταχωρήστε ετικέτα πρώτοι!

MARC

LEADER 00000nam a2200000 i 4500
001 1/60399
008 950811s1983 fre d
020 |a 2717806393  |c 125F 
035 |l 10028708 
040 |a GR-MY-UA  |b gre  |e aacr 
041 0 |a fre 
082 0 |a 339.5  |2 (19) 
100 1 |a Barrere, Alain. 
245 1 0 |a Desequilibres economiques et contre-revolution keynesienne :  |b Keynes, seconde lecture /  |c Alain Barrere 
250 |a 2e ed. 
260 |a Paris :   |b Economica,   |c 1983 
300 |a xviii, 410 σ.;  |c 24 εκ. 
504 |a Περιλαμβάνει βιβλιογραφικές παραπομπές 
650 0 0 |a Keynesian economics. 
650 0 0 |a Equilibrium (Economics) 
852 |a INST  |b CHIOS  |e 19950811  |h 339.5 BAR  |p 005200005835  |q 005200005835  |t BK  |y 0 
909 |a Χ  |b 005518